书目信息 |
| 题名: |
房地产经纪实务
|
|
| 作者: | 倪莉 , 盛承懋 , 周云 编著 | |
| 分册: | ||
| 出版信息: | 南京 东南大学出版社 2004.08 |
|
| 页数: | 324页 | |
| 开本: | 21cm | |
| 丛书名: | ||
| 单 册: | ||
| 中图分类: | F299.233 | |
| 科图分类: | ||
| 主题词: | 房地产业--经纪人--考核--中国--教材 | |
| 电子资源: | ||
| ISBN: | 7-81089-657-1 | |
| 000 | 00944nam0 2200265 450 | |
| 001 | 0160402234 | |
| 005 | 20081024162121.96 | |
| 010 | @a7-81089-657-1@dCNY20.00 | |
| 100 | @a20050428d2004 km y0chiy0120 ea | |
| 101 | 0 | @achi |
| 102 | @aCN@b320000 | |
| 105 | @aa a 000yy | |
| 200 | 1 | @a房地产经纪实务@Afang di chan jing ji shi wu@f周云, 倪莉, 盛承懋编著@Fzhou yun,ni li,sheng cheng mao bian zhu |
| 210 | @a南京@c东南大学出版社@d2004.08 | |
| 215 | @a324页@c图@d21cm | |
| 300 | @a全国房地产经纪人协理从业资格考试辅导教材 | |
| 320 | @a有书目 (第323-324页)。 | |
| 330 | @a本书覆盖了大纲中房地产经纪实务部分的内容,如房地产交易的基本流程、合同及相关法律文件,交易价格与相关的税费,产权的登记等。 | |
| 606 | 0 | @a房地产业@x经纪人@x考核@y中国@x教材 |
| 690 | @aF299.233@v4 | |
| 701 | 0 | @a倪莉@Ani li@4编著 |
| 701 | 0 | @a盛承懋@Asheng cheng mao@4编著 |
| 701 | 0 | @a周云@Azhou yun@4编著 |
| 801 | 0 | @aCN@c20081024 |
| 905 | @dF299.233@eZ815 | |
| 房地产经纪实务/周云, 倪莉, 盛承懋编著.-南京:东南大学出版社,2004.08 |
| 324页:图;21cm |
| 全国房地产经纪人协理从业资格考试辅导教材 |
| ISBN 7-81089-657-1:CNY20.00 |
| 本书覆盖了大纲中房地产经纪实务部分的内容,如房地产交易的基本流程、合同及相关法律文件,交易价格与相关的税费,产权的登记等。 |
| ● |
| 相关链接 |
|
|
|
正题名:房地产经纪实务
索取号:F299.233/Z815
 
预约/预借
| 序号 | 登录号 | 条形码 | 馆藏地/架位号 | 状态 | 备注 |
| 1 | 459595 | 204595955 | 社科二线422/422社科库 47排1列2层/ [索取号:F299.233/Z815] | 在馆 | |
| 2 | 459596 | 204595964 | 社科二线400B/400B社科库 25排3列5层/ [索取号:F299.233/Z815] | 在馆 | |
| 3 | 459597 | 204595973 | 社科二线422/409社科库 31排2列4层/ [索取号:F299.233/Z815] | 在馆 | |
| 4 | 459598 | 204595982 | 社科二线400B/400B社科库 31排2列5层/ [索取号:F299.233/Z815] | 在馆 | |
| 5 | 459599 | 204595991 | 社科二线422/422社科库 47排1列2层/ [索取号:F299.233/Z815] | 在馆 | |
| 6 | 459600 | 204596008 | 社科二线400B/400B社科库 25排3列5层/ [索取号:F299.233/Z815] | 在馆 | |
| 7 | 459601 | 204596017 | 社科二线400B/400B社科库 31排2列4层/ [索取号:F299.233/Z815] | 在馆 | |
| 8 | 459602 | 204596026 | 社科二线400B/400B社科库 31排2列4层/ [索取号:F299.233/Z815] | 在馆 | |
| 9 | 459603 | 204596035 | 社科二线400B/400B社科库 25排3列5层/ [索取号:F299.233/Z815] | 在馆 | |
| 10 | 459604 | 204596044 | 社科二线400B/409社科库 31排1列4层/ [索取号:F299.233/Z815] | 在馆 | |
| 11 | 459605 | 204596053 | 社科二线422/422社科库 47排1列1层/ [索取号:F299.233/Z815] | 在馆 | |
| 12 | 459606 | 204596062 | 社科二线422/422社科库 47排1列1层/ [索取号:F299.233/Z815] | 在馆 | |
| 13 | 459607 | 204596071 | 社科二线400B/400B社科库 31排2列5层/ [索取号:F299.233/Z815] | 在馆 | |
| 14 | 459608 | 204596080 | 社科二线422/422社科库 47排1列2层/ [索取号:F299.233/Z815] | 在馆 | |
| 15 | 572842 | 205728426 | 社科库409/409社科库 31排2列4层/ [索取号:F299.233/Z815] | 在馆 | |
| 16 | 572843 | 205728435 | 社科二线422/409社科库 31排2列4层/ [索取号:F299.233/Z815] | 在馆 | |
| 17 | 572844 | 205728444 | 社科库409/409社科库 31排2列4层/ [索取号:F299.233/Z815] | 在馆 |